1184 1543 1167 1188 1246 1537 1400 1857 1612 1005 1144 1891 1054 1028 1285 1640 1473 1789 1015 1405 1185 1986 1382 1657 1573 1805 1884 1852 1327 1569 1500 1081 1391 1613 1847 1669 1961 1616 1497 1336 1937 1787 1837 1757 1519 1776 1534 1992 1727 1332 1623 1606 1655 1926 1495 1222 1404 1250 1648 1405 1333 1185 1038 1792 1782 1339 1124 1989 1166 1932 1176 1092 1163 1821 1350 1978 1406 1550 1340 1210 1466 1527 1494 1370 1429 1322 1456 1185 1758 1430 1231 1791 1572 1082 1683 1033 1842 1739 1076 BCNSPRNW ULIB Ver.6.0+V

เปลี่ยนเป็นภาษาไทย

Change to English
 แสดงรายละเอียดบรรณานุกรม
  กลับหน้าหลัก

Brief Record : Get Marc (ISO 2709) : E-mail record : QR code < ปิดหน้าต่าง
LEADER : 00000nam 2200000uu 4500
001    13399114129
003     ULIB
008    110627s||||||||th 000 0 tha d
020    9786167010236
090    นว.^bจ718ก 2553
100 0  เจนีน ฟรอสต์
245 00 ก้าวย่างลง(หลุม)รัก/^cเจนีน ฟรอสต์
250    พิมพ์ครั้งที่ 1
260    กรุงเทพฯ :^bดอกหญ้า,^c2553
300    374 หน้า
710 1  ดอกหญ้า
945    ^p280^l0^i028101
995    ทศพร
999 ^a ใช้งานได้ทุกระบบ
รายการนี้ยังไม่มีแท็ก
คุณยังไม่ได้ล็อกอิน คุณสามารถมีกิจกรรมร่วมกับเว็บไซต์ได้ แต่ต้องล็อกอินก่อน ::
  ล็อกอิน

รายการสื่อสารสนเทศ

ลำดับที่ ประเภท เลขเรียก/บาร์โค้ด สถานที่ สถานะ
1. นวนิยาย
นวนิยาย
นว. จ718ก 2553 ฉ.1 
  Barcode: 028101
ห้องสมุดวิทยาเขตสวรรค์ประชารักษ์
►นวนิยาย
บนชั้น
  ขอยืม

BibComment


ยังไม่เคยถูกคอมเมนท์

คอมเมนท์ทรัพยากรรายการนี้
  คอมเมนท์: ก้าวย่างลงหลุมรัก..


 Copyright 2026. Bcnsprnw @Library